Statistiques concernant Les pays qui visitent l'Allemagne le plus

Cliquez ici pour prendre le quiz!

Statistiques générales

  • Ce quiz a été pris 1,057 fois
  • Le résultat moyen est 11 sur 12

Statistiques - réponses

Visiteurs Pays % Correct
3 446 000France
99%
2 639 000Pologne
95%
3 663 000Italie
95%
5 743 000États-Unis
95%
3 173 000Belgique
94%
5 599 000Royaume-Uni
94%
6 563 000Suisse
92%
3 739 000Autriche
92%
2 789 000Espagne
92%
11 255 000Pays-bas
91%
2 582 000Chine
87%
3 320 000Danemark
87%

Distribution des résultats

Percentile by Number Answered

% des personnes avec chaque résultat

Votre développement - résultats

Vous n’avez pas pris ce quiz